000 00744nam a2200265Ia 4500
003 OSt
005 20221006150946.0
006 a|||||r|||| 00| 0
007 ta
008 221006b |||||||| |||| 00| 0 jpn d
020 _c¥2500
024 _a20,357
037 _bGift, Japan Foundation
_cTextual
040 _aEASL
_cEASL
_bjpn
041 _2jpn
_ajpn
082 _aX8(A).42.N7, M5
100 _aSAKAMOTO Kazuichi Ed.
_9658025
245 0 _aGijitsu kakushin to kigyo kozo
260 _aKyoto
_bMineruwa (Minerva) Shobo Japan
_c1985
300 _a232p.
_ccm.
490 _v JL
650 _aJL
942 _hX8(A).42.N7, M5
_cTEXL
_2CC
999 _c1088443
_d1088443